000 00620nam a22002057a 4500
003 UA-OsUOA
001 9330
007 ta
008 20041102b un ||||| |||| 00| 0 ukr d
100 _aЗадорожний З.
942 _cSA
040 _aUA-OsUOA
_bukr
_cUA-OsUOA
_dUA-OsUOA
245 _aПроблеми управлінського обліку витрат на оплату праці в будівництві
300 _aС.37-43
955 _a0
041 _aukr
044 _aUA
773 0 _w0
_tБухгалтерський облік і аудит
_dК.
_d2004
_gN10
650 7 _aВитрати
_2UDC
999 _c295491
_d295491